000 00426nam a22001457a 4500
020 _a0-333-32836-1
082 _a621.3745 GRE'I
100 _aGREOGORY, B. A
_975610
245 _aAN INTRODUCTION TO ELECTRICAL INSTRUMENTATION AND MEASUREMENT SYSTEMS
250 _a2ND
260 _aLONDON
_bELBS
_c1981
300 _a446P
650 _aELECTRICAL INSTRUMENTATION-MEASUREMENT SYSTEM MEASUREMENT SYSTEMS
_975611
942 _cBK
999 _c581005
_d581005